Синтез MgAl2O4 : Cr3+ с использованием метода электродугового плазменного плавления; Химия и химическая технология в XXI веке; Т. 1

Podrobná bibliografie
Parent link:Химия и химическая технология в XXI веке: материалы XXVI Международной научно-практической конференции студентов и молодых ученых имени выдающихся химиков Л. П. Кулёва и Н. М. Кижнера, посвященной 125-летию со дня рождения профессора Л. П. Кулёва, 19-23 мая 2025 г., г. Томск/ Национальный исследовательский Томский политехнический университет.— .— Томск: Изд-во ТПУ, 2025
Т. 1.— 2025.— С. 118-119
Další autoři: Шарафеев Ш. М. Шариф Мнирович, Шеховцов В. В., Валиев Д. Т. Дамир Талгатович, Степанов С. А. Сергей Александрович
Shrnutí:Заглавие с экрана
Текстовый файл
Jazyk:ruština
Vydáno: 2025
Témata:
On-line přístup:http://earchive.tpu.ru/handle/11683/135165
Médium: MixedMaterials Elektronický zdroj Kapitola
KOHA link:https://koha.lib.tpu.ru/cgi-bin/koha/opac-detail.pl?biblionumber=684708

MARC

LEADER 00000naa2a2200000 4500
001 684708
005 20260318134415.0
090 |a 684708 
100 |a 20260205d2025 k||y0rusy50 ca 
101 0 |a rus 
102 |a RU 
135 |a drcn ---uucaa 
200 1 |a Синтез MgAl2O4 : Cr3+ с использованием метода электродугового плазменного плавления  |f Ш. М. Шарафеев, В. В. Шеховцов, Д. Т. Валиев, С. А. Степанов 
300 |a Заглавие с экрана 
320 |a Список литературы: 3 назв 
336 |a Текстовый файл 
461 1 |0 684476  |9 684476  |t Химия и химическая технология в XXI веке  |o материалы XXVI Международной научно-практической конференции студентов и молодых ученых имени выдающихся химиков Л. П. Кулёва и Н. М. Кижнера, посвященной 125-летию со дня рождения профессора Л. П. Кулёва, 19-23 мая 2025 г., г. Томск  |f Национальный исследовательский Томский политехнический университет  |c Томск  |d 2025  |n Изд-во ТПУ 
463 1 |0 684478  |9 684478  |t Т. 1  |d 2025  |v С. 118-119  |u conference_tpu-2025-C27_V1.pdf 
545 1 |a Химия и химическая технология неорганических веществ и материалов 
610 1 |a труды учёных ТПУ 
610 1 |a электронный ресурс 
610 1 |a шпинель 
610 1 |a люминесцентная термометрия 
610 1 |a методы Печини 
610 1 |a реакционная смесь 
610 1 |a фотолюминесценция 
701 1 |a Шарафеев  |b Ш. М.  |c химик-технолог  |c инженер Томского политехнического университета, кандидат технических наук  |f 1994-  |g Шариф Мнирович  |9 21399 
701 1 |a Шеховцов  |b В. В. 
701 1 |a Валиев  |b Д. Т.  |c специалист в области материаловедения  |c доцент Томского политехнического университета, кандидат физико-математических наук  |f 1987-  |g Дамир Талгатович  |9 14467 
701 1 |a Степанов  |b С. А.  |c специалист в области светотехники  |c инженер Томского политехнического университета  |f 1986-  |g Сергей Александрович  |9 14555 
801 0 |a RU  |b 63413507  |c 20260205  |g RCR 
850 |a 63413507 
856 4 0 |u http://earchive.tpu.ru/handle/11683/135165  |z http://earchive.tpu.ru/handle/11683/135165 
942 |c CF